000 nam a22 7a 4500
999 _c46966
_d46966
005 20181114155631.0
008 181114b xxu||||| |||| 00| 0 eng d
040 _aANE
041 _aEs
082 _aS15_NAPE_1985
110 _aFunción Judicial del Ecuador
245 _aGACETA JUDICIAL:
_bFUNDADA EL 18 DE MAYO 1895 - APENDICE - Serie XV - N° 12
300 _a53 p.
650 _aPODER JUDICIAL
650 _aHISTORIA JURÍDICA DEL ECUADOR
856 _uhttp://documentacion.asambleanacional.gob.ec/alfresco/d/d/workspace/SpacesStore/8b800740-4465-4d3e-b4d0-79eae0549486/S15_NAPE_1985.pdf
942 _2ddc
_cBV
_zmbc